000 01076nam a2200241Ia 4500
999 _c51122
_d51122
001 18079
003 GE_BSU
005 20250129112555.0
008 181216s2015||||ge |||||||||||||| ||g ||
020 _a9789941076596
040 _cGE_BSU
041 _ageo
080 _a821.353.1-31 გ-59
100 _aგოგიტიძე, ზურაბ
_924163
245 _aმარადშენახული საიდუმლოება :
_b(რომანი)
_cზურაბ გოგიტიძე; რედ. ოთარ ფუტკარაძე; [მხატვ. გურამ ფუტკარაძე].
264 _aბათუმი :
_bთეგი,
_c2015.
300 _a304 გვ. ;
_b21 სმ.
653 _aმარადშენახული საიდუმლოება
653 _aრომანი
700 _aფუტკარაძე, ო. (ოთარ)
_eრედაქტორი.
_924161
700 _aფუტკარაძე, გ. (გურამ)
_eმხატვარი
_924162
942 _cBK
_2udc